| Tag |
First Indicator |
Second Indicator |
Subfields |
| LEADER |
00000cam a2200000 i 4500 |
| 001 |
in00000055916 |
| 005 |
20151008052330.0 |
| 008 |
800317s1980 njua b 00110 eng |
| 010 |
|
|
|a 79018086
|
| 020 |
|
|
|a 0136413404 :
|c $10.95
|
| 020 |
|
|
|a 0136413323 (pbk.) :
|c $6.95
|
| 035 |
|
|
|a (OCoLC)05895884
|
| 035 |
|
|
|9 AAH2863AM
|
| 040 |
|
|
|a DLC
|c DLC
|d TXA
|d UtOrBLW
|
| 049 |
|
|
|a TXAM
|c [1383273]
|
| 050 |
0 |
0 |
|a HF5548.8
|b .S35 1980
|
| 082 |
0 |
|
|a 158.7
|
| 100 |
1 |
|
|a Schein, Edgar H.
|
| 245 |
1 |
0 |
|a Organizational psychology /
|c Edgar H. Schein.
|
| 250 |
|
|
|a 3d ed.
|
| 264 |
|
1 |
|a Englewood Cliffs, N.J. :
|b Prentice-Hall,
|c [1980]
|
| 264 |
|
4 |
|c ©1980
|
| 300 |
|
|
|a xiv, 274 pages :
|b illustrations ;
|c 24 cm.
|
| 336 |
|
|
|a text
|b txt
|2 rdacontent
|
| 337 |
|
|
|a unmediated
|b n
|2 rdamedia
|
| 338 |
|
|
|a volume
|b nc
|2 rdacarrier
|
| 490 |
1 |
|
|a Prentice-Hall foundations of modern psychology series
|
| 500 |
|
|
|a Includes indexes.
|
| 504 |
|
|
|a Bibliography: pages 253-265.
|
| 650 |
|
0 |
|a Psychology, Industrial.
|
| 650 |
|
0 |
|a Industrial sociology.
|
| 830 |
|
0 |
|a Prentice-Hall foundations of modern psychology series.
|
| 999 |
|
|
|a MARS
|
| 999 |
f |
f |
|s f01434e4-9559-373a-ad75-21e59e86d661
|i 256be8de-c1ac-3840-b02c-9dcc909e9c4e
|t 0
|
| 952 |
f |
f |
|p ric
|a Texas A&M University
|b Rellis Campus
|c Joint Library Facility
|d Remote Storage
|t 0
|e HF5548.8 .S35 1980
|h Library of Congress classification
|i unmediated -- volume
|m A14802814703
|
| 998 |
f |
f |
|a HF5548.8 .S35 1980
|t 0
|l Remote Storage
|